01016nam0a22002291 4500001001100000005001700011021001900028035002600047100004100073101000800114102000700122105001800129200034400147210004200491215001500533601007700548700002900625712007300654801001800727801002200745852001900767rc\467140320260407091311.0 aRUb[62-31183] a(NLR Aleph) 008702577 a20130416d1962 |||y0rusy50 ca0 arus aRU ay z |||||1 aXX съезд КПСС, его решения и историческое значениеeПособие для студентов-заочниковfЦентросоюз. Новосиб. ин-т советской кооп. торговли. Кафедра истории КПСС, диалект. и ист. материализма aНовосибирскcБ. и.d1962 a51 с.d2002aКПССxИсторияz1953-1958jПособия заочные2psbo 1aПлешаковbП.В.02aКПССbСъездd20f1956eМосква3RU\NLR\AUTH\8810048927 0aRUbNLRgpsbo 1aRUbELAR2rusmarc aNLRj62-4/8111